Técnica de la anestesia general / (Record no. 99298)

MARC details
000 -LEADER
campo de control de longitud fija 00643nam a2200193 i 4500
001 - NÚMERO DE CONTROL
campo de control 99298
003 - IDENTIFICADOR DE NÚMERO DE CONTROL
campo de control ES-MaACL
005 - FECHA Y HORA DE LA ÚLTIMA TRANSACCIÓN
campo de control 20260301184635.0
007 - CAMPO FIJO DE DESCRIPCIÓN FÍSICA--INFORMACIÓN GENERAL
campo de control de longitud fija t|
008 - DATOS DE LONGITUD FIJA--INFORMACIÓN GENERAL
campo de control de longitud fija 050906s1958 sp ||||1| spa d
100 1# - ENTRADA PRINCIPAL--NOMBRE DE PERSONA
Nombre de persona Martín de Argenta, Rodolfo.
9 (RLIN) 77445
245 10 - MENCIÓN DEL TÍTULO
Título Técnica de la anestesia general /
Mención de responsabilidad, etc. Rodolfo Martín de Argenta; prólogo por el Profesor D. Alfonso de la Fuente Chaos.
260 ## - PUBLICACIÓN, DISTRIBUCIÓN, ETC.
Lugar de publicación, distribución, etc. Madrid :
Nombre del editor, distribuidor, etc. Paz Montalvo,
Fecha de publicación, distribución, etc. 1958.
300 ## - DESCRIPCIÓN FÍSICA
Extensión 696 p. :
Otras características físicas il. ;
Dimensiones 25 cm.
650 04 - PUNTO DE ACCESO ADICIONAL DE MATERIA--TÉRMINO DE MATERIA
Término de materia o nombre geográfico como elemento de entrada Anestesia.
9 (RLIN) 9822
700 1# - ENTRADA AGREGADA--NOMBRE PERSONAL
Nombre de persona Fuente Chaos, Alfonso de la,
Fechas asociadas al nombre 1908-1988
9 (RLIN) 52864
852 ## - LOCALIZACIÓN
Ubicación ES-MaACL
Número de control de estantería C-14578
Sublocalización o colección R.42564
Holdings
Estatus retirado Estado de pérdida Estado de daño No para préstamo Biblioteca de origen Biblioteca actual Ubicación en estantería Fecha de adquisición Fuente de adquisición Total de préstamos Signatura topográfica completa Código de barras Visto por última vez Precio de reemplazo Tipo de ítem Koha
        Biblioteca del Ateneo de Madrid Biblioteca del Ateneo de Madrid Ficheros 17/01/2008     C-14578 1103685 23/02/2023 23/02/2023 Libro impreso